Giải pháp thúc đẩy việc thực hiện trách nhiệm xã hội của các doanh nghiệp nhỏ và vừa trên địa bàn tỉnh Vĩnh Long : Luận văn Thạc sĩ Kinh tế ngành Quản trị Kinh doanh

Đề tài nhằm mục tiêu phân tích những nhân tố thúc đẩy doanh nghiệp thực hiện trách nhiệm xã hội đồng thời đề xuất giải pháp phải thúc đẩy doanh nghiệp thực hiện trách nhiệm xã hội.

Đã lưu trong:
书目详细资料
主要作者: Nguyễn, Minh Cảnh
格式: 图书
语言:Undetermined
出版: Cần Thơ Trường Đại học Cần Thơ 2014
主题:
标签: 添加标签
没有标签, 成为第一个标记此记录!
Thư viện lưu trữ: Trung tâm Học liệu Trường Đại học Cần Thơ
LEADER 01229nam a2200229Ia 4500
001 CTU_190463
008 210402s9999 xx 000 0 und d
082 |a 658.022 
082 |b C107 
088 |a 60340102 
100 |a Nguyễn, Minh Cảnh 
245 0 |a Giải pháp thúc đẩy việc thực hiện trách nhiệm xã hội của các doanh nghiệp nhỏ và vừa trên địa bàn tỉnh Vĩnh Long : 
245 0 |b Luận văn Thạc sĩ Kinh tế ngành Quản trị Kinh doanh 
245 0 |c Nguyễn Minh Cảnh ; Lê Nguyễn Đoan Khôi (Cán bộ hướng dẫn) 
260 |a Cần Thơ 
260 |b Trường Đại học Cần Thơ 
260 |c 2014 
520 |a Đề tài nhằm mục tiêu phân tích những nhân tố thúc đẩy doanh nghiệp thực hiện trách nhiệm xã hội đồng thời đề xuất giải pháp phải thúc đẩy doanh nghiệp thực hiện trách nhiệm xã hội. 
650 |a Business enterprises,Hoạt động kinh doanh 
650 |x Management,Quản lý 
904 |i Thu,Hải 
980 |a Trung tâm Học liệu Trường Đại học Cần Thơ